000 01388nkm a22002537a 4500
001 85805
005 20260417101301.0
007 kh boc
008 260415s18601880sp ||||| |||| |0| i|spa d
040 _aM-RABA
_bspa
_cM-RABA
100 1 _aVarela, Pedro
_c(fotógrafo)
_9111671
245 1 1 _a[Catedral de Santiago de Compostela
_b: vista del claustro]
_c/ Valera, Pedro
_h[Material gráfico]
260 _a: Lugo
_b: Pedro Valera
_c, [1860-1880?]
300 _a1 fotografía
_b: albúmina
_c; imagen 24 x 18 cm
_c; soporte secundario 24 x 18 cm
500 0 0 _aFotografía de la catedral de Santiago de Compostela, donde se representa una vista de una de las partes del claustro. Al fondo en la imagen podemos ver la puerta que correspondería en la actualidad con la entrada al Museo de la Catedral y al Tesoro.
500 0 0 _aFechas tomadas del periodo de actividad del fotógrafo en Lugo.
500 0 0 _aEn la parte inferior del soporte secundario se lee "P. Varela. Cruz, 9. Lugo"
610 2 7 _aCatedral de Santiago de Compostela (La Coruña, España)
_915544
651 7 _aSantiago de Compostela (La Coruña, España)
_94750
655 0 _aFotografías de monumentos
_9111580
852 _jFot-647
856 _uhttps://archivoybiblioteca.realacademiabellasartessanfernando.com/cgi-bin/koha/opac-retrieve-file.pl?id=c186a2d8115873a86b7a8198870d7281
_yFot-647
942 _cFOTOGRAFÍA
_n0
999 _c85805
_d85805